| 000 | 01248cam a2200229 4500 | ||
|---|---|---|---|
| 001 | ABS64559 | ||
| 008 | 010926n2001 000 0 eng u | ||
| 035 | _a(Sirsi) u114865 | ||
| 100 | _aWatson, V. | ||
| 245 | 2 | _aA landlord in distress | |
| 260 | _c2001 | ||
| 490 |
_aCSM (Chartered Surveyor Monthly) _vSeptember 2001, 35(1) |
||
| 520 | _aIf a tenant is in arrears of rent, the common law remedy of distress may permit a landlord to enter premises, remove the tenant's goods, sell them and retain any proceeds to recoup the arrears. Discusses the case of "Fuller v Happy Shopper Markets", which shows that today distress is not necessarily the trouble-free self-help remedy for landlords that has been used so often in the past. The judge's ruling suggests today's courts are ready to entertain a tenant's argument that distress has been levied unlawfully. Also discusses the Lord Chancellor's 'Distress for rent' consultation paper, which outlines proposals for reform of this feudal right. | ||
| 590 | _aABS | ||
| 650 | _aDISTRESS FOR RENT | ||
| 650 | _aFULLER V HAPPY SHOPPER MARKETS | ||
| 650 | _aRENT ARREARS | ||
| 650 | _aCONSULTATION PAPER | ||
| 690 | _aPROPERTY-LANDLORD AND TENANT | ||
| 700 | _aSarabia, L. | ||
| 942 | _n0 | ||
| 999 |
_c68395 _d68395 |
||